Statistiques concernant Top 15 des pays avec les décès de Covid-19 - 11 août 2021

Cliquez ici pour prendre le quiz!

Statistiques générales

  • Ce quiz a été pris 26 fois
  • Le résultat moyen est 14 sur 25

Statistiques - réponses

pays% Correct
Etats-Unis
100%
France
100%
Allemagne
92%
Royaume-Uni
88%
Russie
88%
Brésil
84%
Espagne
84%
Inde
84%
Italie
84%
Mexique
84%
Belgique
64%
Argentine
60%
Colombie
60%
Indonésie
56%
Iran
48%
Pérou
48%
Hongrie
28%
Tchèquie
24%
Slovaquie
20%
Paraguay
16%
Slovénie
16%
Bosnie-Herzégovine
12%
Bulgarie
12%
Macédoine du Nord
12%
Croatie
8%

Distribution des résultats

Percentile par nombre de réponses

% des personnes avec chaque résultat

Votre développement - résultats

Vous n’avez pas pris ce quiz